000 00586nam a22001937a 4500
003 BD-DhJNU
005 20250917043847.0
008 250917b |||||||| |||| 00| 0 eng d
020 _a9788121930161
040 _aBD-DhJNU
_bENG
_cBD-DhJNU
_dBD-DhJNU
082 _223
_a571.4
100 _aBanerjee, Pranab Kumar
245 _aIntroduction to biophysics /
_cPranab Kumar Banerjee
260 _aNew Delhi :
_bS Chand and Company Ltd.,
_c2022.
300 _axiii, 408 p. :
_bill. ;
_c24 cm.
504 _aincludes bibliographical reference
650 _aBiophysics
942 _2ddc
_cBK
_n0
999 _c2124
_d2124